[Event "19th Kolkata GM Open 2014"]
[Site "Kolkata IND"]
[Date "2014.03.24"]
[Round "7.3"]
[White "Barbosa, Oliver"]
[Black "Pantsulaia, Levan"]
[Result "1-0"]
[WhiteTitle "GM"]
[BlackTitle "GM"]
[WhiteElo "2564"]
[BlackElo "2606"]
[WhiteFideId "5201640"]
[BlackFideId "13602071"]
[EventDate "2014.03.18"]

1. d4 Nf6 2. c4 c5 3. d5 e6 4. Nc3 exd5 5. cxd5 d6 6. e4 g6 7. h3 Bg7 8. Nf3 O-O
9. Bd3 a6 10. a4 Nh5 11. O-O Nd7 12. Re1 Re8 13. Bg5 Bf6 14. Be3 Ne5 15. Be2
Nxf3+ 16. Bxf3 Ng7 17. Qd2 Bd7 18. Bf4 Be5 19. Bxe5 Rxe5 20. Be2 g5 21. Bg4 Bxg4
22. hxg4 h5 23. gxh5 Nxh5 24. Qd1 Nf6 25. Qf3 Kg7 26. Re3 Qh8 27. Ne2 Qh4 28.
Ng3 Rh8 29. Rae1 Ng4 30. Rb3 Rh6 31. Qd1 b5 32. axb5 axb5 33. Rf3 Rh8 34. b3 Ra8
35. Qd2 Kg6 36. Qb2 Qh2+ 37. Kf1 b4 38. Ra1 Qh8 39. Rxa8 Nh2+ 40. Kg1 Nxf3+ 41.
gxf3 Qxa8 42. Kg2 Qa6 43. Qc1 Qd3 44. Qh1 Kg7 45. Qa1 Qc3 46. Qa6 g4 47. fxg4 c4
48. bxc4 b3 49. Qxd6 Qd4 50. Qb8 b2 51. c5 Rg5 52. c6 Rxg4 53. Kh3 Rg5 54. c7
Qc3 55. c8=Q Qxc8+ 56. Qxc8 b1=Q 57. Qc3+ Kg6 58. f4 Rh5+ 59. Nxh5 Qh1+ 60. Kg4
Qxh5+ 61. Kg3 Qd1 62. Qf3 Qg1+ 63. Kh3 Qd4 64. e5 Kg7 65. d6 Kf8 66. Kh4 Qd2 67.
Kg5 Kg7 68. Qh3 Qd5 69. Qg4 Qd3 70. Kh4+ Kf8 71. Qc8+ Kg7 72. Qg4+ Kf8 73. Qg5
Qh7+ 74. Kg4 Qd3 75. Qe7+ Kg7 76. Qg5+ Kf8 77. Qh6+ Kg8 78. Kg5 Qd5 79. Qh3 Kg7
80. Kh5 Qe4 81. Qg4+ Kf8 82. Kh6 Qh1+ 83. Kg5 Qh2 84. Qh5 Qg3+ 85. Kf5 Ke8 86.
d7+ Kxd7 87. Qxf7+ Kd8 88. Qd5+ Ke7 89. Qd6+ 1-0

[Event "19th Kolkata GM Open 2014"]
[Site "Kolkata IND"]
[Date "2014.03.24"]
[Round "7.4"]
[White "Rahman, Ziaur"]
[Black "Fedorchuk, Sergey A."]
[Result "1-0"]
[WhiteTitle "GM"]
[BlackTitle "GM"]
[WhiteElo "2486"]
[BlackElo "2647"]
[WhiteFideId "10200037"]
[BlackFideId "14102536"]
[EventDate "2014.03.18"]

1. d4 Nf6 2. Bg5 e6 3. Nd2 h6 4. Bh4 c5 5. e4 cxd4 6. e5 g5 7. Bg3 Nd5 8. h4 Nc6
9. hxg5 Qxg5 10. Ngf3 Qg7 11. Rh3 d6 12. Bb5 Bd7 13. Bxc6 Bxc6 14. Nxd4 dxe5 15.
Nxc6 bxc6 16. Qe2 f6 17. O-O-O Rb8 18. c4 Nb4 19. Ne4 Be7 20. a3 Na6 21. Bh4 h5
22. Rg3 Qf8 23. Qf3 Qh6+ 24. Kb1 Qf4 25. Nxf6+ Bxf6 26. Qxc6+ Kf8 27. Bxf6 Rxb2+
28. Kxb2 Qxf2+ 29. Kb1 Qxg3 30. Qd6+ Kf7 31. Qe7+ 1-0

[Event "19th Kolkata GM Open 2014"]
[Site "Kolkata IND"]
[Date "2014.03.24"]
[Round "7.5"]
[White "Abdulla, Al-Rakib"]
[Black "Mchedlishvili, Mikheil"]
[Result "0-1"]
[WhiteTitle "GM"]
[BlackTitle "GM"]
[WhiteElo "2518"]
[BlackElo "2639"]
[WhiteFideId "10200444"]
[BlackFideId "13600966"]
[EventDate "2014.03.18"]

1. d4 Nf6 2. Nf3 e6 3. Bg5 h6 4. Bxf6 Qxf6 5. e4 d6 6. Nc3 g6 7. Qd2 Bg7 8.
O-O-O Qe7 9. h4 a6 10. g3 Nd7 11. Bg2 b5 12. Rhe1 O-O 13. h5 g5 14. Nh2 Nb6 15.
f4 Nc4 16. Qf2 d5 17. Rd3 c5 18. exd5 cxd4 19. Nd1 Rb8 20. Ng4 Qd8 21. Kb1 Rb6
22. dxe6 Rxe6 23. Rxe6 fxe6 24. Be4 e5 25. f5 Nd6 26. Bd5+ Kh8 27. f6 Bxg4 28.
fxg7+ Kxg7 29. Qe1 Qf6 0-1

[Event "19th Kolkata GM Open 2014"]
[Site "Kolkata IND"]
[Date "2014.03.24"]
[Round "7.6"]
[White "Adhiban, Baskaran"]
[Black "Shyam, Sundar M."]
[Result "1-0"]
[WhiteTitle "GM"]
[BlackTitle "GM"]
[WhiteElo "2608"]
[BlackElo "2507"]
[WhiteFideId "5018471"]
[BlackFideId "5019141"]
[EventDate "2014.03.18"]

1. d4 Nf6 2. c4 e6 3. Nf3 d5 4. Nc3 Be7 5. Bg5 h6 6. Bxf6 Bxf6 7. e3 O-O 8. Qd2
b6 9. O-O-O Bb7 10. cxd5 exd5 11. h4 Qd7 12. Bd3 c5 13. Bb1 Rc8 14. Qc2 Kf8 15.
Qh7 Qd6 16. Bf5 Nd7 17. Ne5 Bc6 18. f4 Ke7 19. Bxd7 Bxd7 20. dxc5 Qxc5 21. Nxd7
Kxd7 22. Qe4 Qe7 23. Qa4+ Rc6 24. e4 Kc7 25. e5 Rc4 26. Qxc4+ dxc4 27. Nd5+ Kc6
28. Nxe7+ Bxe7 29. Rd4 b5 30. Rhd1 Rc8 31. Rd7 Rc7 32. Rxc7+ Kxc7 33. h5 Kc6 34.
Kc2 a5 35. g4 Kc7 36. a4 bxa4 37. Kc3 a3 38. bxa3 Bxa3 39. Kxc4 Kc6 40. g5 Be7
41. g6 f6 42. Ra1 fxe5 43. fxe5 Bd8 44. Rf1 Bc7 45. Rf6+ gxf6 46. exf6 1-0

[Event "19th Kolkata GM Open 2014"]
[Site "Kolkata IND"]
[Date "2014.03.24"]
[Round "7.7"]
[White "Lalith, Babu M.R."]
[Black "Ghosh, Diptayan"]
[Result "1-0"]
[WhiteTitle "GM"]
[BlackTitle "IM"]
[WhiteElo "2585"]
[BlackElo "2481"]
[WhiteFideId "5024595"]
[BlackFideId "5045207"]
[EventDate "2014.03.18"]

1. d4 d5 2. Nf3 Nf6 3. c4 c6 4. Nc3 dxc4 5. a4 Bf5 6. Ne5 Nbd7 7. Nxc4 Qc7 8. g3
e5 9. dxe5 Nxe5 10. Bf4 Nfd7 11. Bg2 g5 12. Nxe5 gxf4 13. Nxd7 O-O-O 14. Qd4
Qxd7 15. Qxf4 Bd6 16. Qc1 Kb8 17. O-O h5 18. h4 Rhg8 19. a5 a6 20. Ra4 Qc7 21.
Qh6 Bg4 22. Rc1 Rg6 23. Qe3 Re6 24. Re4 Qxa5 25. Bf3 Rde8 26. Bxg4 hxg4 27. Qd3
Qf5 28. Rxe6 Qxe6 29. e3 f5 30. Ne2 c5 31. Nf4 Bxf4 32. exf4 Rc8 33. Qc3 Ka8 34.
Re1 Qd7 35. b3 Qc6 36. Qc2 Rf8 37. Re5 Qf3 38. Rxc5 Kb8 39. Rxf5 Rc8 40. Rc5 Rd8
41. Kh2 Ka7 42. Rc3 Qd5 43. Qe2 Qf5 44. Re3 Qb1 45. Qxg4 Rd2 46. Kg2 Rd1 47. Qf3
Rh1 48. Qd5 1-0

[Event "19th Kolkata GM Open 2014"]
[Site "Kolkata IND"]
[Date "2014.03.24"]
[Round "7.8"]
[White "Grigoryan, Avetik"]
[Black "Haznedaroglu, Kivanc"]
[Result "1-0"]
[WhiteTitle "GM"]
[BlackTitle "GM"]
[WhiteElo "2583"]
[BlackElo "2462"]
[WhiteFideId "13302191"]
[BlackFideId "6300634"]
[EventDate "2014.03.18"]

1. g3 d5 2. Nf3 Nf6 3. Bg2 e6 4. O-O Be7 5. d3 O-O 6. Nbd2 c5 7. e4 Nc6 8. e5
Nd7 9. Qe2 b5 10. Re1 a5 11. Nf1 b4 12. c4 Nb6 13. h4 Ba6 14. b3 a4 15. Bf4 Bb7
16. h5 Ra7 17. h6 g6 18. N1h2 Qa8 19. Rab1 axb3 20. axb3 Ra2 21. Rb2 Ra1 22.
Rbb1 Ra2 23. Rb2 Ra1 24. Rxa1 Qxa1+ 25. Bf1 dxc4 26. dxc4 Rd8 27. Rd2 Rxd2 28.
Qxd2 Qc3 29. Qa2 Nd4 30. Nxd4 Qxd4 31. Be2 Qd8 32. Bf3 Qb8 33. Qd2 Bxf3 34. Nxf3
Qd8 35. Qe3 Qa8 36. Bg5 Bf8 37. Nd2 Nd7 38. f4 Qa1+ 39. Kg2 Nb8 40. Ne4 Nc6 41.
Nf6+ Kh8 42. Nd7 Nd4 43. Qe4 Qa2+ 44. Kh3 Qf2 45. Nxf8 Nf3 46. Bh4 Ng1+ 47. Kg4
Qd2 48. Qa8 1-0

[Event "19th Kolkata GM Open 2014"]
[Site "Kolkata IND"]
[Date "2014.03.24"]
[Round "7.9"]
[White "Sethuraman, S.P."]
[Black "Rathnakaran, K."]
[Result "1-0"]
[WhiteTitle "GM"]
[BlackTitle "IM"]
[WhiteElo "2578"]
[BlackElo "2389"]
[WhiteFideId "5021596"]
[BlackFideId "5005507"]
[EventDate "2014.03.18"]

1. d4 Nf6 2. c4 c5 3. d5 e6 4. Nc3 exd5 5. cxd5 d6 6. e4 g6 7. f4 Bg7 8. Bb5+
Nfd7 9. Nf3 O-O 10. O-O a6 11. Bd3 b5 12. Kh1 Ra7 13. a3 Re8 14. f5 gxf5 15.
exf5 Nf6 16. Bg5 Rae7 17. Qd2 Kh8 18. Qf4 Bb7 19. Ne4 Nxd5 20. Qh4 f6 21. Nxf6
Nxf6 22. Bxf6 Bxf6 23. Qxf6+ Rg7 24. Qxd8 Rxd8 25. f6 Rgg8 26. Rae1 Nc6 27. f7
Rgf8 28. Ng5 Ne5 29. Ne6 Nxd3 30. Re3 Ne5 31. Nxd8 Bd5 32. h4 Kg7 33. Rd1 Rxd8
34. Rxd5 Nxf7 35. g4 Rd7 36. Re8 a5 37. Ra8 a4 38. Rb8 Kf6 39. Rf5+ Ke6 40. Rxb5
Ne5 41. Rf4 Kd5 42. Rb8 Nd3 43. Rf5+ Kc4 44. g5 d5 45. h5 d4 46. g6 hxg6 47.
hxg6 Rg7 48. Rb6 Nc1 49. Rf2 Rg8 50. Kg2 d3 51. Rf4+ Kd5 52. Rff6 Ne2 53. Kf2
Nd4 54. Ke1 Kc4 55. Kd1 Rh8 56. g7 Rh1+ 57. Kd2 Rh2+ 58. Ke3 Re2+ 59. Kf4 d2 60.
g8=Q+ Kd3 61. Qg6+ Kc4 62. Qg1 Kd3 63. Qb1+ Kc4 64. Rfd6 Rf2+ 65. Kg3 Rf3+ 66.
Kg2 1-0

[Event "19th Kolkata GM Open 2014"]
[Site "Kolkata IND"]
[Date "2014.03.24"]
[Round "7.10"]
[White "Sengupta, Deep"]
[Black "Laxman, R.R."]
[Result "1-0"]
[WhiteTitle "GM"]
[BlackTitle "GM"]
[WhiteElo "2529"]
[BlackElo "2454"]
[WhiteFideId "5008352"]
[BlackFideId "5005361"]
[EventDate "2014.03.18"]

1. d4 Nf6 2. c4 e6 3. Nc3 Bb4 4. f3 c5 5. d5 O-O 6. e4 Re8 7. Ne2 exd5 8. cxd5
d6 9. Ng3 a6 10. a4 Nbd7 11. Be2 Ne5 12. O-O h6 13. Qc2 c4 14. Kh1 Bd7 15. Be3
Rc8 16. Qd2 Qe7 17. Bd4 Bc5 18. Bxc5 Rxc5 19. f4 Ng6 20. Qd4 Rec8 21. Bh5 Nxh5
22. Nxh5 f6 23. h3 Be8 24. Ng3 Qc7 25. Rf3 b5 26. Nf5 Kh7 27. Rg3 Bd7 28. Nxg7
Kxg7 29. f5 Be8 30. Ne2 Qe7 31. Nf4 Qe5 32. Qxe5 fxe5 33. Ne6+ Kg8 34. Nxc5 Rxc5
35. axb5 1-0

[Event "19th Kolkata GM Open 2014"]
[Site "Kolkata IND"]
[Date "2014.03.24"]
[Round "7.11"]
[White "Short, Nigel D"]
[Black "Debashis, Das"]
[Result "1-0"]
[WhiteTitle "GM"]
[BlackTitle "GM"]
[WhiteElo "2674"]
[BlackElo "2508"]
[WhiteFideId "400025"]
[BlackFideId "5024854"]
[EventDate "2014.03.18"]

1. e4 e5 2. Nc3 Nf6 3. f4 d5 4. fxe5 Nxe4 5. Nf3 Be7 6. Qe2 Nxc3 7. dxc3 c5 8.
Bf4 Nc6 9. O-O-O Be6 10. h4 Qa5 11. a3 Rb8 12. Bg5 b5 13. Bxe7 Kxe7 14. Qe3 b4
15. cxb4 cxb4 16. a4 Qxa4 17. Qc5+ Kd7 18. Nd4 Rhc8 19. Bb5 Rxb5 20. Nxb5 Nxe5
21. Rxd5+ 1-0

[Event "19th Kolkata GM Open 2014"]
[Site "Kolkata IND"]
[Date "2014.03.24"]
[Round "7.12"]
[White "Kunal, M."]
[Black "Gopal, G.N."]
[Result "1/2-1/2"]
[BlackTitle "GM"]
[WhiteElo "2339"]
[BlackElo "2558"]
[WhiteFideId "5018250"]
[BlackFideId "5015693"]
[EventDate "2014.03.18"]

1. e4 c5 2. Nf3 e6 3. g3 Nc6 4. Bg2 Nf6 5. e5 Ng4 6. b3 Ngxe5 7. Nxe5 Nxe5 8.
Bb2 Nc6 9. c4 d5 10. cxd5 exd5 11. O-O d4 12. Re1+ Be7 13. Qe2 Be6 14. Bxc6+
bxc6 15. d3 O-O 16. Nd2 Re8 17. Nc4 Bd5 18. Qg4 Bf8 19. Rxe8 Qxe8 20. Rd1 g6 21.
Rf1 Qe7 22. Bc1 h5 23. Qd1 Re8 24. Bd2 Qf6 25. Re1 Rxe1+ 26. Bxe1 Bf3 27. Qc1
Qe6 28. Ba5 h4 29. Qf4 Bd5 30. Kf1 h3 31. f3 Be7 32. Bc7 f6 33. g4 g5 34. Qg3
Qc8 35. Bd6 Bxc4 36. bxc4 Qb7 37. Bxe7 Qxe7 38. Qe1 Qd6 39. Qe8+ Kg7 40. a4 a5
41. Ke1 Qc7 42. Kf1 Qb7 43. Kf2 Qb2+ 44. Qe2 Qb8 45. Qe7+ Kg6 46. Kf1 Qb1+ 47.
Kf2 Qb2+ 48. Ke1 Qb4+ 49. Kf2 Qb8 50. Kf1 Qb1+ 51. Kf2 Qxd3 52. Qe8+ Kg7 53.
Qe7+ Kg6 54. Qe8+ Kg7 55. Qe7+ Kg8 56. Qe8+ Kg7 57. Qe7+ Kg8 58. Qe8+ Kg7 1/2-1/2

[Event "19th Kolkata GM Open 2014"]
[Site "Kolkata IND"]
[Date "2014.03.24"]
[Round "7.13"]
[White "Arun Prasad, S."]
[Black "Karthikeyan, P."]
[Result "1/2-1/2"]
[WhiteTitle "GM"]
[BlackTitle "IM"]
[WhiteElo "2477"]
[BlackElo "2355"]
[WhiteFideId "5011167"]
[BlackFideId "5018226"]
[EventDate "2014.03.18"]

1. d4 d5 2. c4 c6 3. Nf3 Nf6 4. e3 Bg4 5. Qb3 Qc7 6. Ne5 Be6 7. Nc3 Nbd7 8. Nxd7
Qxd7 9. cxd5 Nxd5 10. e4 Nxc3 11. Qxc3 f6 12. Be3 g6 13. h4 h5 14. a4 a6 15. Be2
Bg7 16. O-O O-O 17. a5 f5 18. f3 Kh7 19. b4 Rad8 20. e5 Bd5 21. f4 e6 22. Rfd1
Rfe8 23. Bf1 Bf8 24. Bf2 Qe7 25. Rab1 Qf7 1/2-1/2

[Event "19th Kolkata GM Open 2014"]
[Site "Kolkata IND"]
[Date "2014.03.24"]
[Round "7.14"]
[White "Prasanna Raghuram Rao"]
[Black "Swayams, Mishra"]
[Result "1/2-1/2"]
[WhiteTitle "IM"]
[BlackTitle "IM"]
[WhiteElo "2410"]
[BlackElo "2445"]
[WhiteFideId "5022401"]
[BlackFideId "5028183"]
[EventDate "2014.03.18"]

1. d4 e6 2. c4 Nf6 3. g3 Bb4+ 4. Bd2 Bxd2+ 5. Qxd2 d5 6. Bg2 c6 7. Nf3 O-O 8.
O-O Nbd7 9. Ne5 Qe7 10. f4 Rd8 11. Nc3 dxc4 12. Rad1 Nb6 13. e4 Bd7 14. Qf2 Rac8
15. Bf3 Be8 16. Qe2 Nfd7 17. Ng4 f6 18. Ne3 Bf7 19. h4 Kh8 20. h5 h6 21. Kg2 Nf8
22. e5 f5 23. Nxc4 Nxc4 24. Qxc4 Rc7 25. Rd2 Nd7 26. Rfd1 Nb6 27. Qe2 Rcd7 28.
a3 a5 29. Kh3 Qe8 30. Na2 Qe7 31. Nc3 Qe8 1/2-1/2

[Event "19th Kolkata GM Open 2014"]
[Site "Kolkata IND"]
[Date "2014.03.24"]
[Round "7.15"]
[White "Hossain, Enamul"]
[Black "Sundararajan, Kidambi"]
[Result "1/2-1/2"]
[WhiteTitle "GM"]
[BlackTitle "GM"]
[WhiteElo "2440"]
[BlackElo "2400"]
[WhiteFideId "10200649"]
[BlackFideId "5005370"]
[EventDate "2014.03.18"]

1. e4 c6 2. d4 d5 3. exd5 cxd5 4. c4 Nf6 5. Nc3 e6 6. Nf3 Bb4 7. cxd5 Nxd5 8.
Bd2 Nc6 9. Bd3 O-O 10. O-O Nf6 11. Bg5 h6 12. Bh4 Be7 13. Rc1 Nh5 14. Bxe7 Nxe7
15. Ne5 Nf6 16. Ne4 Ned5 17. Bb1 Bd7 18. Qb3 Rb8 19. Rfd1 Bc6 20. Qf3 Qb6 21. b3
Rbc8 22. h3 Rfd8 23. Rc5 Be8 24. Nc4 Qa6 25. Ra5 Qc6 26. Rxa7 b5 27. Nxf6+ Nxf6
28. Ne5 Qxf3 29. Nxf3 Nd5 30. Kh2 b4 31. Be4 Nc3 32. Re1 Rb8 33. Bd3 Ra8 34.
Rxa8 Rxa8 35. Bc4 Kf8 36. Ne5 Rxa2 37. Nd3 Rd2 38. Nxb4 Rxd4 39. Ra1 Rd8 40. f3 1/2-1/2

[Event "19th Kolkata GM Open 2014"]
[Site "Kolkata IND"]
[Date "2014.03.25"]
[Round "8.1"]
[White "Vidit, Santosh Gujrathi"]
[Black "Barbosa, Oliver"]
[Result "1/2-1/2"]
[WhiteTitle "GM"]
[BlackTitle "GM"]
[WhiteElo "2602"]
[BlackElo "2564"]
[WhiteFideId "5029465"]
[BlackFideId "5201640"]
[EventDate "2014.03.18"]

1. d4 d5 2. c4 c6 3. Nf3 Nf6 4. Nc3 dxc4 5. a4 e6 6. e3 c5 7. Bxc4 Nc6 8. O-O
cxd4 9. exd4 Be7 10. Qe2 O-O 11. Rd1 Nd5 12. Bd2 Ncb4 13. a5 Bd7 14. Nxd5 Nxd5
15. Ne5 Rc8 16. a6 b6 17. Rdc1 Bd6 18. Qg4 Bxe5 19. dxe5 f5 20. exf6 Qxf6 21.
Rf1 Nf4 22. Rac1 b5 23. Bxf4 Rxc4 24. Rxc4 bxc4 25. Bd6 Rc8 26. Re1 c3 27. bxc3
Qxc3 28. Rd1 Qc4 29. Qxc4 Rxc4 30. Bb8 Bc8 31. Bxa7 Bxa6 32. h3 Rc7 33. Bb8 Rb7
34. Be5 Bc4 35. Rd8+ Kf7 36. Kh2 Bd5 37. Kg3 Ra7 38. f3 Rb7 39. h4 h5 1/2-1/2

[Event "19th Kolkata GM Open 2014"]
[Site "Kolkata IND"]
[Date "2014.03.25"]
[Round "8.2"]
[White "Rahman, Ziaur"]
[Black "Kunte, Abhijit"]
[Result "1/2-1/2"]
[WhiteTitle "GM"]
[BlackTitle "GM"]
[WhiteElo "2486"]
[BlackElo "2439"]
[WhiteFideId "10200037"]
[BlackFideId "5002265"]
[EventDate "2014.03.18"]

1. d4 Nf6 2. Bg5 d5 3. e3 Nbd7 4. Nf3 g6 5. c4 c6 6. Nc3 Bg7 7. cxd5 Nxd5 8. Be2
N7f6 9. Bxf6 Bxf6 10. O-O O-O 11. Rc1 Nxc3 12. Rxc3 Bg4 13. h3 Bxf3 14. Bxf3 e5
15. dxe5 Bxe5 16. Rd3 Qb6 17. Rb3 Qc7 18. Qc2 Rfd8 19. Be2 Rd7 20. Bg4 Rdd8 21.
Be2 Rd7 22. Bg4 Rdd8 23. Be2 Rd7 24. Bg4 Rdd8 1/2-1/2

[Event "19th Kolkata GM Open 2014"]
[Site "Kolkata IND"]
[Date "2014.03.25"]
[Round "8.3"]
[White "Landa, Konstantin"]
[Black "Grigoryan, Avetik"]
[Result "1-0"]
[WhiteTitle "GM"]
[BlackTitle "GM"]
[WhiteElo "2645"]
[BlackElo "2583"]
[WhiteFideId "4101685"]
[BlackFideId "13302191"]
[EventDate "2014.03.18"]

1. d4 Nf6 2. Nf3 g6 3. c4 Bg7 4. Nc3 O-O 5. e4 d6 6. Be2 e5 7. O-O exd4 8. Nxd4
Re8 9. f3 c6 10. Kh1 Nh5 11. g4 Nf6 12. Bf4 h5 13. Nf5 gxf5 14. gxf5 d5 15. cxd5
cxd5 16. e5 Bxf5 17. exf6 Qxf6 18. Nxd5 Qxb2 19. Ne7+ Rxe7 20. Qd8+ Bf8 21. Rg1+
Bg6 22. Bc4 Nd7 23. Qxa8 Kh7 24. Raf1 Qd4 25. Bg5 Re5 26. Bb3 Qd3 27. Qd8 Bc5
28. Bc1 Bxg1 29. Kxg1 Re2 30. Qg5 Nf8 31. Bf4 Qd4+ 32. Kh1 Qc3 33. Qb5 Ne6 34.
Qxe2 Nxf4 35. Qe1 Qf6 36. Qf2 Qc6 37. Qe3 Qb5 38. Rc1 Qg5 39. Rg1 Qf6 40. Rc1
Nd3 41. Rd1 Nf4 42. Rd4 Ne2 43. Rd2 Nf4 44. Rd4 Ne2 45. Rd2 Nf4 46. Bc2 Qa1+ 47.
Rd1 Qxa2 48. Bxg6+ Nxg6 49. Qg5 h4 50. Qd5 Qxd5 51. Rxd5 Kg7 52. Rd8 Ne5 53. Kg2
Kf6 54. Rb8 b6 55. Rb7 Ke6 56. Rxa7 Kd6 57. f4 Nd7 58. Kh3 b5 59. Kxh4 Nc5 60.
Rxf7 b4 61. Rf6+ Kc7 62. Rg6 b3 63. Rg1 b2 64. Rb1 Nd3 65. Kg5 Kd7 66. h4 1-0

[Event "19th Kolkata GM Open 2014"]
[Site "Kolkata IND"]
[Date "2014.03.25"]
[Round "8.4"]
[White "Mchedlishvili, Mikheil"]
[Black "Sethuraman, S.P."]
[Result "0-1"]
[WhiteTitle "GM"]
[BlackTitle "GM"]
[WhiteElo "2639"]
[BlackElo "2578"]
[WhiteFideId "13600966"]
[BlackFideId "5021596"]
[EventDate "2014.03.18"]

1. d4 Nf6 2. c4 e6 3. g3 d5 4. Bg2 dxc4 5. Nf3 Nc6 6. O-O Rb8 7. Nc3 a6 8. e4
Be7 9. Qe2 b5 10. Rd1 Nb4 11. d5 exd5 12. e5 Nd7 13. Nd4 Nb6 14. a3 c5 15. Ndxb5
axb5 16. axb4 Be6 17. bxc5 Bxc5 18. Nxb5 O-O 19. Nd4 Qd7 20. Be3 Na4 21. Ra2
Bxd4 22. Bxd4 Rb3 23. Rda1 Rd3 24. Rd1 Rc8 25. h3 Qb5 26. Rxd3 cxd3 27. Qd1 Rc2
28. Bf1 Bf5 29. Be3 Qc4 30. Qa1 Bd7 31. b3 Qxb3 32. Ra3 Qb4 33. Rxd3 Bc6 34. Bd4
Bb5 35. Ra3 Bc6 36. e6 fxe6 37. Bxg7 Nb2 38. Be5 Qc5 39. Re3 d4 40. Qa2 Bd5 41.
Bxd4 Qxd4 42. Qa5 Rxf2 0-1

[Event "19th Kolkata GM Open 2014"]
[Site "Kolkata IND"]
[Date "2014.03.25"]
[Round "8.5"]
[White "Deepan, Chakkravarthy J."]
[Black "Adhiban, Baskaran"]
[Result "0-1"]
[WhiteTitle "GM"]
[BlackTitle "GM"]
[WhiteElo "2496"]
[BlackElo "2608"]
[WhiteFideId "5011132"]
[BlackFideId "5018471"]
[EventDate "2014.03.18"]

1. e4 c5 2. Nf3 d6 3. d4 cxd4 4. Nxd4 Nf6 5. Nc3 a6 6. h3 e6 7. g4 Be7 8. Bg2
O-O 9. Be3 Nfd7 10. O-O Nc6 11. f4 Nxd4 12. Qxd4 e5 13. Qd2 exf4 14. Bxf4 Ne5
15. Nd5 Be6 16. Nxe7+ Qxe7 17. Rad1 Rfd8 18. a4 Qc7 19. Rf2 h6 20. b3 b5 21.
axb5 axb5 22. Qd4 Rd7 23. Bf1 Rb8 24. Qe3 f6 25. Rfd2 Qc6 26. Ra1 Bf7 27. Bg2
Re8 28. Qd4 Kh7 29. Kh1 Bg6 30. Qd5 Qc3 31. Qd4 Qc8 32. Qb4 Rc7 33. Ra2 Rc3 34.
Ra7 Nf3 35. Rd3 Rxd3 36. cxd3 Qc2 37. Bxf3 Qxd3 38. Bg2 Bxe4 39. Bxe4+ Rxe4 0-1

[Event "19th Kolkata GM Open 2014"]
[Site "Kolkata IND"]
[Date "2014.03.25"]
[Round "8.6"]
[White "Sengupta, Deep"]
[Black "Lalith, Babu M.R."]
[Result "0-1"]
[WhiteTitle "GM"]
[BlackTitle "GM"]
[WhiteElo "2529"]
[BlackElo "2585"]
[WhiteFideId "5008352"]
[BlackFideId "5024595"]
[EventDate "2014.03.18"]

1. d4 Nf6 2. c4 e6 3. Nc3 Bb4 4. f3 d5 5. a3 Bxc3+ 6. bxc3 O-O 7. cxd5 exd5 8.
e3 b6 9. Bd3 Ba6 10. Ne2 Qc8 11. O-O Re8 12. Ng3 c5 13. Ra2 Bxd3 14. Qxd3 Qa6
15. Qf5 Nc6 16. Raf2 Qc4 17. Qg5 h6 18. Qh4 Ne7 19. e4 cxd4 20. Bxh6 Ng6 21. Qh3
gxh6 22. Qxh6 Re6 23. cxd4 Ne7 24. Qg5+ Kh8 25. e5 Nh7 26. Qf4 Rf8 27. Nh5 Qd3
28. g4 Ng6 29. Qh6 Rg8 30. Rd2 Qxa3 31. Nf6 Nf8 32. Kh1 Rg6 33. Qh5 Kg7 34. Nxh7
Nxh7 35. Qf5 Qe3 36. Rff2 Rc6 37. Kg2 Rc1 38. h4 Qe1 39. Kg3 Qe3 40. Rfe2 Qh6
41. Ra2 a5 42. Qd7 Nf8 43. Qxd5 Rxg4+ 44. fxg4 Ng6 45. Rf2 Qxh4+ 46. Kf3 Qh1+
47. Rg2 Qf1+ 0-1

[Event "19th Kolkata GM Open 2014"]
[Site "Kolkata IND"]
[Date "2014.03.25"]
[Round "8.7"]
[White "Pantsulaia, Levan"]
[Black "Short, Nigel D"]
[Result "1/2-1/2"]
[WhiteTitle "GM"]
[BlackTitle "GM"]
[WhiteElo "2606"]
[BlackElo "2674"]
[WhiteFideId "13602071"]
[BlackFideId "400025"]
[EventDate "2014.03.18"]

1. Nf3 c5 2. c4 Nc6 3. Nc3 g6 4. e3 Bg7 5. d4 d6 6. Be2 Nf6 7. O-O O-O 8. d5 Na5
9. a3 e6 10. Nd2 a6 11. b4 Nxc4 12. Nxc4 Nxd5 13. Nxd5 exd5 14. Nb2 Be6 15. Bf3
c4 16. Bxd5 c3 17. Ra2 cxb2 18. Bxb2 Bxb2 19. Rxb2 Qd7 20. Rd2 Rfd8 21. Bf3 Rac8
22. Qa1 Bg4 23. Bd5 Qe7 24. h3 Be6 25. Rfd1 Rc7 26. Bf3 Bb3 27. Rc1 Ba4 28. Rxc7
Qxc7 29. Qf6 Bc6 30. Bd1 d5 31. Bb3 Rd6 32. Qd4 Rd7 33. Rc2 Qd8 34. Rd2 Qf8 35.
g4 Qe7 36. Qf4 Qh4 37. Kh2 h5 38. Qg3 Qxg3+ 39. Kxg3 hxg4 40. hxg4 g5 41. f3 Kg7
42. Kf2 Kf6 43. Rd4 Ke7 1/2-1/2

[Event "19th Kolkata GM Open 2014"]
[Site "Kolkata IND"]
[Date "2014.03.25"]
[Round "8.8"]
[White "Fedorchuk, Sergey A."]
[Black "Ly, Moulthun"]
[Result "1-0"]
[WhiteTitle "GM"]
[BlackTitle "IM"]
[WhiteElo "2647"]
[BlackElo "2429"]
[WhiteFideId "14102536"]
[BlackFideId "3204405"]
[EventDate "2014.03.18"]

1. e4 d6 2. d4 Nf6 3. Nc3 e5 4. Nf3 Nbd7 5. Bc4 Be7 6. O-O O-O 7. a4 c6 8. Re1
exd4 9. Nxd4 Ne5 10. Ba2 Re8 11. h3 Bf8 12. Bf4 Bd7 13. Qd2 Ng6 14. Bh2 Qa5 15.
Rad1 Qb4 16. Qc1 Rad8 17. Nf3 Be6 18. Bxe6 fxe6 19. Rd4 Qb6 20. e5 Nxe5 21. Bxe5
dxe5 22. Rxd8 Qxd8 23. Rxe5 Bd6 24. Re2 Nd5 25. Ne4 Bb8 26. g3 h6 27. c4 Ne7 28.
Nc5 Nf5 29. Qc3 e5 30. g4 Ne7 31. Rd2 Qc8 32. Nxe5 Nf5 33. Nf3 Nd6 34. Rd4 b6
35. Nd3 c5 36. Rd5 Ne4 37. Qc2 Qe6 38. Qe2 Bc7 39. Nde1 Kh8 40. a5 bxa5 41. Kg2
Qc6 42. Nd3 Ng5 43. Nfe5 Bxe5 44. Nxe5 Qf6 45. Qe3 Kg8 46. Rxc5 Ne6 47. Nd3 Rd8
48. Rf5 Qg6 49. Rd5 Rf8 50. Rd6 Rf6 51. c5 h5 52. Kg3 Qf7 53. g5 h4+ 54. Kh2 Rf3
55. g6 1-0

[Event "19th Kolkata GM Open 2014"]
[Site "Kolkata IND"]
[Date "2014.03.25"]
[Round "8.9"]
[White "Gopal, G.N."]
[Black "Swapnil, S. Dhopade"]
[Result "1/2-1/2"]
[WhiteTitle "GM"]
[BlackTitle "IM"]
[WhiteElo "2558"]
[BlackElo "2424"]
[WhiteFideId "5015693"]
[BlackFideId "5019184"]
[EventDate "2014.03.18"]

1. e4 c6 2. d4 d5 3. e5 Bf5 4. Nf3 e6 5. Be2 c5 6. Be3 Qb6 7. Nc3 Qxb2 8. Qb1
Qb4 9. a3 Qa5 10. O-O Nd7 11. Qb2 c4 12. Nh4 Bg6 13. Bg4 Be7 14. Nxg6 hxg6 15.
Nxd5 Qxd5 16. Bf3 Qa5 17. Qxb7 Rb8 18. Qc6 Bd8 19. Qxc4 Ne7 20. Qd3 O-O 21. c4
Bc7 22. Rfd1 Qa4 23. Rab1 Rfd8 24. Qe2 Nf5 25. Ra1 Nb6 26. Rac1 Rd7 27. d5 Nxe3
28. Qxe3 Nxc4 29. Qf4 Bxe5 30. Qxc4 Qxc4 31. Rxc4 exd5 32. Rc5 Rbd8 33. Rcxd5
Rxd5 1/2-1/2